| Поле | Инд. | ПП | Название | Значение |
|---|---|---|---|---|
| Тип записи | a | |||
| Библиографический уровень | b | |||
| 001 | Контрольный номер | RU/IS/BASE/202321309 | ||
| 005 | Дата корректировки | 20200522191022.9 | ||
| 008 | Кодируемые данные | 20060530 | ||
| 084 | a | Индекс другой классификации/Индекс ББК | 60.001(2)6 | |
| 100 | 1_ | a | Автор | Марк, епископ (Головков С. А.) |
| 245 | a | Заглавие | Личность и общество во взглядах русских религиозных мыслителей | |
| 504 | a | Библиография | Библиогр. ссылки | |
| 600 | a | Персоналии | Булгаков Сергей Николаевич | |
| a | Персоналии | Бердяев Николай Александрович | ||
| a | Персоналии | Франк Семен Людвигович | ||
| 650 | a | Основная рубрика | история философии | |
| a | Основная рубрика | социальная философия | ||
| a | Основная рубрика | философия | ||
| 653 | a | Ключевые слова | XIX век | |
| a | Ключевые слова | XX век | ||
| a | Ключевые слова | духовность | ||
| a | Ключевые слова | духовные основы общества | ||
| a | Ключевые слова | история социальной философии | ||
| a | Ключевые слова | личность | ||
| a | Ключевые слова | общество | ||
| a | Ключевые слова | религиозная философия | ||
| a | Ключевые слова | Россия | ||
| a | Ключевые слова | соборность | ||
| a | Ключевые слова | христианская социология | ||
| 773 | t | Заглавие источника | Вестник Московского университета. Серия 18, Социология и политология | |
| d | Дата издания источника | 2006 | ||
| g | Прочая информация | № 1. - С. 84 - 105 | ||
| w | Контрольный № источника | RU/IS/BASE/199372887 | ||
| 901 | t | Тип документа | b |